<?xml version="1.0" encoding="UTF-8"?><?xml-stylesheet type="text/xsl" href="static/style.xsl"?><OAI-PMH xmlns="http://www.openarchives.org/OAI/2.0/" xmlns:xsi="http://www.w3.org/2001/XMLSchema-instance" xsi:schemaLocation="http://www.openarchives.org/OAI/2.0/ http://www.openarchives.org/OAI/2.0/OAI-PMH.xsd"><responseDate>2026-05-13T17:31:32Z</responseDate><request verb="GetRecord" identifier="oai:repisalud.isciii.es:20.500.12105/26805" metadataPrefix="marc">https://repisalud.isciii.es/rest/oai/request</request><GetRecord><record><header><identifier>oai:repisalud.isciii.es:20.500.12105/26805</identifier><datestamp>2025-12-18T12:57:24Z</datestamp><setSpec>com_20.500.12105_19090</setSpec><setSpec>com_20.500.12105_2291</setSpec><setSpec>com_20.500.12105_2290</setSpec><setSpec>com_20.500.12105_19078</setSpec><setSpec>col_20.500.12105_26660</setSpec><setSpec>col_20.500.12105_19085</setSpec></header><metadata><record xmlns="http://www.loc.gov/MARC21/slim" xmlns:dcterms="http://purl.org/dc/terms/" xmlns:doc="http://www.lyncode.com/xoai" xmlns:xsi="http://www.w3.org/2001/XMLSchema-instance" xsi:schemaLocation="http://www.loc.gov/MARC21/slim http://www.loc.gov/standards/marcxml/schema/MARC21slim.xsd">
   <leader>00925njm 22002777a 4500</leader>
   <datafield ind2=" " ind1=" " tag="042">
      <subfield code="a">dc</subfield>
   </datafield>
   <datafield ind2=" " ind1=" " tag="720">
      <subfield code="a">Fernandez-Garcia, Aurora</subfield>
      <subfield code="e">author</subfield>
   </datafield>
   <datafield ind2=" " ind1=" " tag="720">
      <subfield code="a">Echevarria, Juan Emilio</subfield>
      <subfield code="e">author</subfield>
   </datafield>
   <datafield ind2=" " ind1=" " tag="720">
      <subfield code="a">Masa-Calles, Josefa</subfield>
      <subfield code="e">author</subfield>
   </datafield>
   <datafield ind2=" " ind1=" " tag="720">
      <subfield code="a">Lopez-Perea, Noemi</subfield>
      <subfield code="e">author</subfield>
   </datafield>
   <datafield ind2=" " ind1=" " tag="260">
      <subfield code="c">2025-06-24</subfield>
   </datafield>
   <datafield ind2=" " ind1=" " tag="520">
      <subfield code="a">El sarampión y la rubeola son enfermedades infecciosas prevenibles por vacunación para las que la OMS ha lanzado un plan mundial de eliminación. En España, gracias a las altas coberturas de vacunación, está interrumpida la transmisión endémica del sarampión y la rubeola y solo se esperan casos importados y asociados a la importación. En esta situación la vigilancia es muy exigente y cualquier sospecha tiene que ser notificada de manera urgente a los servicios de salud pública e investigada en laboratorios que cumplan con requisitos de calidad exigidos por la OMS. El objetivo de la actividad de formación es actualizar los aspectos prácticos fundamentales de la vigilancia del sarampión y la rubeola, con especial interés en la integración de la vigilancia epidemiológica y de laboratorio, incluyendo la vigilancia genómica.</subfield>
   </datafield>
   <datafield ind1="8" ind2=" " tag="024">
      <subfield code="a">Fernández-García, Aurora; López-Perea, Noemí; Echevarría, Juan Emilio; Masa-Calles, Josefa. Micro-formación: Vigilancia del Sarampión y Rubeola. Plan Estratégico de Eliminación del sarampión y rubeola en España (2021-2025). Laboratorio Nacional de Referencia del Centro Nacional de Microbiología y Centro Nacional de Epidemiología. CIBERESP, Instituto de Salud Carlos III, 2025.</subfield>
   </datafield>
   <datafield ind1="8" ind2=" " tag="024">
      <subfield code="a">https://hdl.handle.net/20.500.12105/26805</subfield>
   </datafield>
   <datafield tag="653" ind2=" " ind1=" ">
      <subfield code="a">Sarampión</subfield>
   </datafield>
   <datafield tag="653" ind2=" " ind1=" ">
      <subfield code="a">Eliminación</subfield>
   </datafield>
   <datafield tag="653" ind2=" " ind1=" ">
      <subfield code="a">Vigilancia epidemiológica</subfield>
   </datafield>
   <datafield tag="653" ind2=" " ind1=" ">
      <subfield code="a">Vigilancia genómica</subfield>
   </datafield>
   <datafield tag="653" ind2=" " ind1=" ">
      <subfield code="a">Investigación de laboratorio</subfield>
   </datafield>
   <datafield tag="653" ind2=" " ind1=" ">
      <subfield code="a">Organización Mundial de la Salud</subfield>
   </datafield>
   <datafield ind2="0" ind1="0" tag="245">
      <subfield code="a">Micro-formación: Vigilancia del Sarampión y Rubeola</subfield>
   </datafield>
</record></metadata></record></GetRecord></OAI-PMH>